000 00898nam a22002897a 4500
999 _c20480
_d20480
001 16634225
003 OSt
005 20210226101513.0
008 110202s2011 oncab b 001 0 eng
010 _a 2010537572
015 _aGBB069751
_2bnb
016 _a2010902169X
016 7 _a015571749
_2Uk
020 _a9780195427172 (pbk.)
020 _a0195427173 (pbk.)
040 _aMMU
_bEng
_cMMU
_dMMU
050 0 0 _aBL80.2
_b.W672 2010
100 _aOxtoby, Willard Gurdon.
245 0 0 _aWorld religions.
_pWestern traditions /
_cedited by Willard G. Oxtoby, Amir Hussain.
250 _a3rd ed.
260 _aDon Mills, Ont. ;
_aNew York :
_bOxford University Press,
_c2011.
300 _axviii, 462 p. :
_bcol. ill., col. maps ;
_c26 cm.
500 _aIncludes bibliographical references and index.
650 0 _aReligions.
700 1 _aHussain, Amir,
_d1965-
942 _2lcc
_cLOAN LOAN